000
00315nam a2200133 a 4500
005
20140414131938.0
008
110125s19uu xx 00 eng d
050
_a
ER
_b
Ar1 2001
100
_a
Brown, Marc
245
_a
Arthur the brave.
440
_a
Arthur's family values
650
_a
Bravery
999
_c
112519
_d
112519